| 000 | 00617nam a22002177a 4500 | ||
|---|---|---|---|
| 003 | BUBTL | ||
| 008 | 231113b ||||| |||| 00| 0 eng d | ||
| 020 | _a9789846431452 | ||
| 082 | _a800.24/ Ib7h/ 2006 | ||
| 100 |
_91738 _aIbsen,Henrik |
||
| 245 |
_aA Doll's House/ _cHenrik Ibsen |
||
| 260 |
_aDhaka : _bFriends Book Corner, _c2006 |
||
| 300 |
_a175 p. : _c10 cm. |
||
| 440 |
_94221 _aFriends' Classics |
||
| 505 | _aA Doll's House, Henrik Ibsen , English Literature | ||
| 526 | _aEnglish | ||
| 700 |
_91738 _aIbsen,Henrik |
||
| 856 |
_k0 _l0 _yDownload |
||
| 942 |
_2ddc _cBK |
||
| 999 |
_c7137 _d7137 |
||